000 00647nam a22002297a 4500
003 UA-OsUOA
001 89592
007 ta
008 20121107b un ||||| |||| 00| 0 ukr d
100 _aІнгульський П.
090 _a821.161.2
_bІ - 59
942 _cBK
040 _aUA-OsUOA
_bukr
_cUA-OsUOA
_dUA-OsUOA
245 _aКлятва і пам'ять
_bповість, оповідання, нариси
300 _a405 с.
955 _a3
041 _aukr
080 _a821.161.2
260 _aК.
_bДніпро
_c1983
650 7 _a82 Література. Літературознавство
_2UDC
999 _c375891
_d375891